New ICMI studies series.
| Previous Title: | ICMI studies series |
|---|---|
| Format: | Serial |
| Language: | English |
| Published: |
Dordrecht, The Netherlands :
Kluwer Academic Publishers,
1996-
New York : Springer Cham : Springer International Publishing |
| Subjects: | |
| Online Availability: |
|
MARC
| Tag | First Indicator | Second Indicator | Subfields |
|---|---|---|---|
| LEADER | 00000nas a2200000Ki 4500 | ||
| 001 | in00004024113 | ||
| 005 | 20181221104857.0 | ||
| 006 | m o d | ||
| 007 | cr ||||||||||| | ||
| 008 | 181221c19969999sz x moo 0 0eng d | ||
| 035 | |a (OCoLC)on1079909743 | ||
| 040 | |a TXA |b eng |e rda |c TXA | ||
| 022 | |a 2215-1745 |l 1387-6872 |y 1387-6872 | ||
| 035 | |a (OCoLC)1079909743 | ||
| 090 | |a QA11.A1 |b I36 Electronic | ||
| 049 | |a TXAM | ||
| 245 | 0 | 0 | |a New ICMI studies series. |
| 246 | 1 | |a New International Commission on Mathematical Instruction studies series | |
| 246 | 1 | |a New ICMI study series | |
| 264 | 1 | |3 Vol. 3-8: |a Dordrecht, The Netherlands : |b Kluwer Academic Publishers, |c 1996- | |
| 264 | 2 | 1 | |3 Vol. 9- : |a New York : |b Springer |
| 264 | 3 | 1 | |3 <Vol. 22-> : |a Cham : |b Springer International Publishing |
| 264 | 4 | |c ©1996- | |
| 300 | |a 1 online resource | ||
| 310 | |a Irregular | ||
| 336 | |a text |b txt |2 rdacontent | ||
| 337 | |a computer |b c |2 rdamedia | ||
| 338 | |a online resource |b cr |2 rdacarrier | ||
| 362 | 1 | |a Began with: Volume 3, published 1996? | |
| 588 | |a Description based on: Volume 3, published 1996; title from PDF series title page (SpringerLink, viewed December 21, 2018). | ||
| 588 | |a Latest issue consulted: 23rd, copyrighted 2018 (SpringerLink, viewed December 21, 2018). | ||
| 650 | 0 | |a Mathematics |x Study and teaching. | |
| 650 | 0 | |a Mathematics |x Study and teaching |x Research. | |
| 650 | 0 | |a Mathematics |x History |x Study and teaching. | |
| 710 | 2 | |a International Commission on Mathematical Instruction, |e issuing body. | |
| 776 | 0 | 8 | |i Print version: |t New ICMI studies series |x 1387-6872 |w (OCoLC)769459253 |
| 780 | 0 | 0 | |t ICMI studies series |
| 948 | |a cataloged |b h |c 2018/12/21 |d o |e spoltoratski |f 10:48:44 am |g NCO | ||
| 994 | |a C0 |b TXA | ||
| 999 | f | f | |s 7190ce03-754c-3eb8-b247-59c3e56bf9cd |i 9735311c-cdb4-37a1-97e1-e900376d13e9 |t 0 |
| 952 | f | f | |a Texas A&M University |b College Station |c Electronic Resources |d Available Online |t 0 |e QA11.A1 I36 |g Electronic |h Library of Congress classification |
| 998 | f | f | |a QA11.A1 I36 |t 0 |l Available Online |